[Event "Dyfed Major op 49th"]
[Site "Fishguard"]
[Date "2020.02.16"]
[Round "5"]
[White "Hunt, Ray K"]
[Black "Foss, Michael"]
[Result "1-0"]
[WhiteElo "1518"]
[BlackElo "1478"]
[PlyCount "109"]
[EventDate "2020.02.14"]
[EventType "swiss"]
[EventRounds "5"]
[EventCountry "WLS"]
[SourceTitle "EXT 2022"]
[Source "ChessBase"]
[SourceDate "2021.10.06"]
[SourceVersion "1"]
[SourceVersionDate "2021.10.06"]
[SourceQuality "1"]

1. Nf3 Nf6 2. b3 g6 3. Bb2 Bg7 4. e3 0-0 5. c4 c5 6. Be2 d6 7. d3 b6 8. 0-0 Bb7 9. Nbd2 Nbd7 10. Rc1 e5 11. Rc2 Ne8 12. h3 f5 13. Nh2 Nc7 14. Bf3 Bxf3 15. Nhxf3 Ne6 16. Bc3 a5 17. a3 Nf6 18. Nh2 e4 19. dxe4 Nxe4 20. Bxg7 Kxg7 21. Nxe4 fxe4 22. Rd2 Qf6 23. Rxd6 Rad8 24. Rxd8 Rxd8 25. Qa1 Qxa1 26. Rxa1 Rd3 27. Rb1 h5 28. Kf1 Kf6 29. Ke2 Rd6 30. Nf1 Ke5 31. Nd2 g5 32. Rb2 g4 33. hxg4 hxg4 34. Nb1 Ng7 35. Nc3 Nf5 36. g3 Ne7 37. Rb1 Rd3 38. Na4 Rd6 39. Rd1 Rxd1 40. Kxd1 Nc8 41. Kd2 Kd6 42. Kc3 Kc6 43. Kc2 Nd6 44. Nc3 b5 45. cxb5+ Nxb5 46. Nxe4 Nxa3+ 47. Kb2 Nb5 48. Nf6 Nd6 49. Nxg4 Ne4 50. Ne5+ Kd5 51. Nd3 Kd6 52. g4 Kd5 53. f4 Ke6 54. Kc2 Kf6 55. Ne5 1-0

[Event "Dyfed Major op 49th"]
[Site "Fishguard"]
[Date "2020.02.15"]
[Round "2"]
[White "Bevan, Paul"]
[Black "Foss, Michael"]
[Result "0-1"]
[WhiteElo "1219"]
[BlackElo "1478"]
[PlyCount "120"]
[EventDate "2020.02.14"]
[EventType "swiss"]
[EventRounds "5"]
[EventCountry "WLS"]
[SourceTitle "EXT 2022"]
[Source "ChessBase"]
[SourceDate "2021.10.06"]
[SourceVersion "1"]
[SourceVersionDate "2021.10.06"]
[SourceQuality "1"]

1. d4 Nf6 2. e3 e6 3. Bd3 d5 4. Nd2 Nbd7 5. f4 c5 6. c3 c4 7. Bc2 b5 8. Ngf3 Be7 9. Ne5 Nxe5 10. fxe5 Nd7 11. 0-0 0-0 12. Qf3 f5 13. a4 Qa5 14. b4 cxb3 15. Nxb3 Qxc3 16. Qe2 Qc4 17. Rf2 Qxe2 18. Rxe2 bxa4 19. Rxa4 Nb6 20. Ra2 Nc4 21. Bd3 Bb7 22. Bxc4 dxc4 23. Na5 Bd5 24. Rec2 Rfc8 25. Ra4 c3 26. Ba3 Be4 27. Rc1 Bxa3 28. Rxa3 c2 29. Nb3 Rc3 30. Rca1 Rxe3 31. Nc1 Rxa3 32. Rxa3 Rb8 33. Rb3 Rb6 34. Kf2 Ra6 35. Ke2 Bxg2 36. Kd2 Be4 37. Ne2 Ra1 38. Nc1 a5 39. Rb2 a4 40. Ra2 Rxa2 41. Nxa2 a3 42. Nb4 f4 43. Na2 Bd5 44. Nc3 a2 45. Nxa2 Bxa2 46. Kxc2 f3 47. Kd2 Bd5 48. Ke3 Kf7 49. Kf2 g5 50. h3 h5 51. Kg3 Kg6 52. Kf2 Kf5 53. Ke3 g4 54. hxg4+ hxg4 55. Kf2 Kf4 56. Kf1 g3 57. Kg1 Ke3 58. Kf1 g2+ 59. Kg1 f2+ 60. Kh2 g1Q+ 0-1

[Event "Dyfed Major op 49th"]
[Site "Fishguard"]
[Date "2020.02.14"]
[Round "1"]
[White "Foss, Michael"]
[Black "Chadaway, Stephen M"]
[Result "0-1"]
[WhiteElo "1478"]
[BlackElo "1662"]
[PlyCount "76"]
[EventDate "2020.02.14"]
[EventType "swiss"]
[EventRounds "5"]
[EventCountry "WLS"]
[SourceTitle "EXT 2022"]
[Source "ChessBase"]
[SourceDate "2021.10.06"]
[SourceVersion "1"]
[SourceVersionDate "2021.10.06"]
[SourceQuality "1"]

1. b4 e5 2. Bb2 d6 3. c4 a5 4. b5 c6 5. a4 Be6 6. e3 Nf6 7. Nf3 Nbd7 8. d4 exd4 9. exd4 d5 10. c5 Be7 11. b6 h6 12. Be2 Ne4 13. Nbd2 Nexc5 14. dxc5 Bxc5 15. Bd4 Qxb6 16. Rb1 Qc7 17. Bxc5 Nxc5 18. Nd4 0-0 19. 0-0 Bd7 20. h3 Rae8 21. Re1 Re7 22. Qc2 Ne6 23. Nf5 Ree8 24. g3 Bc8 25. Qc3 c5 26. Bb5 Rd8 27. Nf3 d4 28. Qc1 Bd7 29. Nxh6+ gxh6 30. Qxh6 Bxb5 31. Rxb5 Rd5 32. h4 b6 33. Ng5 Nxg5 34. hxg5 Rd6 35. Qh4 Kg7 36. f4 Rh8 37. Qg4 Qc6 38. Kf2 Rh2+ 0-1